000 00506nam a2200181Ia 4500
001 10405
003 GE_BSU
008 181216s||||||||xx |||||||||||||| ||und||
040 _cGE_BSU
245 _aНовая и новейшая история. №3 2014. май-июнь
245 _cГл.ред. Согрин В.В. и др.
260 _aМосква
260 _bНаука
260 _c2014
300 _a256ст;24см.
653 _aНовая и новейшая история
942 _cCR
999 _c43666
_d43666